000
00312nam a2200121Ia 4500
008
230303s9999 xx 000 0 und d
041
_a
eng
082
_a
004.16 VAH
100
_a
Software Introduction
245
_a
Embedded System Design : A United, Hardware
260
_a
NEW YORK
_b
Wiley India
365
_c
RS
999
_c
182103
_d
182103